000 02295cam a22005174i 4500
003 PE-LiUPU
005 20250731175640.0
008 150706s2008 xxka r 000 0 spa d
020 _a9781405881746
035 _a(Sirsi) i9781405881746
040 _aPE-LiUPU
_bspa
_cPE-LiUPU
_erda
049 _aPRUA
082 0 4 _a428.6461
_bPR 3a
_221
100 1 _aAnnette Barnes, Joyce,
_eautor.
245 1 0 _aAmistad /
_cuna adaptación de la novela juvenil de Joyce Annette Barnes basado en el guión de David Franzoni y Steven Zaillian. Contada por D´Arcy y Evadne Adrian-Vallance.
264 1 _aHarlow :
_bPearson Education,
_c2008.
300 _a46 páginas :
_bilustraciones ;
_c20 centímetros.
300 _a02 CD-ROM
336 _atext
_2rdacontent
337 _aunmediated
_2rdamedia
338 _avolume
_2rdacarrier
490 0 _aPenguin Readers ;
_vLevel 3
500 _aA Steven Sppielberg film -- en cubierta.
505 0 _aEscape -- Towards the east -- In chains again -- A friendly face -- In the courtroom -- People are not property -- Africans or cubans? -- Proof -- A new judge -- James Covey -- Cinque´s Story -- Captain fitzgerald speaks -- Adams has a plan -- At the high court -- Africa calls -- Activities -- Word list.
526 _aP145
526 _aP127
526 _aP97
526 _aP35
526 _aP14
526 _aP07
541 _g002-0046574;
600 1 4 _aAdams, John Quincy,
_d1767-1848
_vNovela.
650 1 4 _aAmistad (Goleta)
_vNovela.
650 2 4 _aEsclavitud
_zEstados Unidos
_vNovela.
650 2 4 _aJuicios (Motín)
_xHistoria
_vNovela.
650 2 4 _aTráfico de esclavos
_xHistoria
_vNovela.
700 1 _aAdrian-Vallance, D´arcy
700 1 _aAdrian-Vallance, Evadne
700 1 _aCooper, Andrew,
_eil.
910 _agl
_cjck
_d20120514
942 _2ddc
_cBOOK
949 _a428.6461 PR 3A
_wDEWEY
_c1
_i64617
_lCCODEBUL1
_mBUL
_p5.00
_r0
_sY
_tBOOK
_u2015-7-6
_xEDUCACION
_PP20
_o.STAFF. Colección General
994 _aC0
_bPEPRU
596 _a1
999 _a428.6461 PR 3A
_wDEWEY
_c53327
_i64617
_d53327
_e2018-10-28
_f2021-11-8
_g5
_lCCODEBUL1
_mBUL
_n7
_p5.00
_r0
_sY
_tBOOK
_u2015-7-6
_xEDUCACION
_PP20
_0COMPRA
_o.STAFF. Colección General
980 _81
_gALBERTO SANCHEZ Responsable de Automatización